003700000a220010900045001000022000002450061000223000037000837730025001209420008001459520090001539990017002431 aOConnell, Timothy10aIrish Lausanne council for evangelization day conference aNúm 79 (1997), Páginas 20-210 tWorld Evangelization cANA 001040708HEMaFUSBCbFUSBCd2016-01-26l0o r2016-01-26 00:00:00w2016-01-26yANA c57517d57517